=LDR 00000nam 2200000 4500 =001 INLIS000000000053766 =005 20200318071029 =035 ##$$a 0010-0219000023 =007 ta =008 200318################g##########0#ind## =020 ##$$a 979-3962-14-3 =082 ##$$a 297.612 =084 ##$$a 297.612 AID m =100 #$$a Aida bin abdullah al-Qarni =245 1#$$a Membangun rumah dengan taqwa /$c Dr. Aida bin Abdullah al-Qarni ; penerjemah, M. Babul Ulum, S. Ag. =260 ##$$a Jakarta :$b Magfirah Pustaka,$c 2006 =300 ##$$a 304 hlm. ; $c 21 x 14 cm. =650 #4$$a Keluarga - Islam =250 ##$$a cet. 1 =700 #$$a Babul Ulum =990 ##$$a 31800198